L'Allemagne de 1945 à nos jours (notice n° 2106848)

détails MARC
000 -LEADER
fixed length control field 00954cam a2200133 4500500
005 - DATE AND TIME OF LATEST TRANSACTION
control field 20260405013629.0
041 ## - LANGUAGE CODE
Language code of text/sound track or separate title fre
042 ## - AUTHENTICATION CODE
Authentication code dc
100 10 - MAIN ENTRY--PERSONAL NAME
Personal name Wahl, Alfred
Relator term author
245 00 - TITLE STATEMENT
Title L'Allemagne de 1945 à nos jours
260 ## - PUBLICATION, DISTRIBUTION, ETC.
Name of publisher, distributor, etc. Armand Colin,<br/>
Date of publication, distribution, etc. 2009.<br/>
520 ## - SUMMARY, ETC.
Summary, etc. Cet ouvrage offre un panorama complet de l’histoire allemande depuis la fin de la Seconde Guerre mondiale. Il retrace les destins parallèles de la RFA et de la RDA jusqu’à la réunification et présente les racines et lignes de conduite qui font aujourd’hui de l’Allemagne la puissance majeure de l’Union européenne. Cette étude comparative des deux régimes, de part et d’autre du Mur, est inédite. L’auteur prend soigneusement en compte les dernières recherches des historiens allemands, tout en apportant un éclairage original.
856 41 - ELECTRONIC LOCATION AND ACCESS
Uniform Resource Identifier <a href="https://shs.cairn.info/l-allemagne-de-1945-a-nos-jours--9782200354565?lang=fr&redirect-ssocas=7080">https://shs.cairn.info/l-allemagne-de-1945-a-nos-jours--9782200354565?lang=fr&redirect-ssocas=7080</a>

Pas d'exemplaire disponible.

PLUDOC

PLUDOC est la plateforme unique et centralisée de gestion des bibliothèques physiques et numériques de Guinée administré par le CEDUST. Elle est la plus grande base de données de ressources documentaires pour les Étudiants, Enseignants chercheurs et Chercheurs de Guinée.

Adresse

627 919 101/664 919 101

25 boulevard du commerce
Kaloum, Conakry, Guinée

Réseaux sociaux

Powered by Netsen Group @ 2025